Contabilidad de Costos en la Alta Gerencia

Detalles Bibliográficos
Autor principal: Polo Garca̕, Benjamn̕ Enrique
Formato: eBook
Lenguaje:español
Publicado: Bogot:̀ Editorial Nueva Legislacin̤, 2013
Materias:
Acceso en línea:Acceso restringido

MARC

LEADER 00000nam a22000007a 4500
005 20131009172720.0
007 cr|||| ||||
008 131009s2013 co |||||s|||| 00||0|spa d
020 |a 978-958-8371-95-5 
035 |a 11524 
040 |a vLex 
090 |c 4528  |d 4528 
100 1 |a Polo Garca̕, Benjamn̕ Enrique 
245 1 0 |a Contabilidad de Costos en la Alta Gerencia  |h [Recurso electrn̤ico] /  |c Benjamn̕ Enrique Polo Garca̕  
256 |a Servicio en ln̕ea 
260 |a Bogot:̀  |b Editorial Nueva Legislacin̤,  |c 2013 
300 |a  1 recurso electrn̤ico 
506 1 |a Contenido solo disponible en los productos indicados  |d vLex Global  |d vLex Global (Academic Edition, excluding Law Schools)  |d vLex Global (U.S. Academic Edition, Law Schools)  |d vLex Global (U.S. Academic Edition, excluding Law Schools)  |d vLex Global (Academic Edition, Law Schools) 
650 0 4 |a Contabilidad  |z Colombia 
650 0 4 |a Administracin̤  |z Colombia 
740 0 |a vLex Libros (Servicio en ln̕ea) 
856 4 0 |u http://vlex.com/source/contabilidad-costos-la-alta-gerencia-11524  |z Acceso restringido 
942 |c BOOK 
999 0 |a Accounting 
999 0 |a Management